これ、何のアニメのタイトルロゴ?2 - Statistics

General Stats
  • This quiz has been taken 23 times
  • The average score is 4 of 16
Answer Stats
Picture Answer % Correct
やはり俺の青春ラブコメはまちがっている。
69%
負けヒロインが多すぎる!
50%
干物妹!うまるちゃん
38%
みなみけ
38%
僕は友達が少ない
38%
可愛いだけじゃない式守さん
31%
お兄ちゃんはおしまい!
25%
冴えない彼女の育て方
25%
きんいろモザイク
19%
あの日見た花の名前を僕達はまだ知らない。
13%
ひなこのーと
13%
中二病でも恋がしたい!
13%
お兄ちゃんだけど愛さえあれば関係ないよねっ
6%
わたしが恋人になれるわけないじゃん、ムリムリ!
6%
普通の女子高生がろこどるやってみた。
0%
陰の実力者になりたくて!
0%
No matching quizzes found
Score Distribution
Percent of People with Each Score
Percentile by Number Answered
Your Score History
You have not taken this quiz